000 01114nam a2200325 i 4500
003 EG-GICUC
005 20260121101538.0
008 251226s1985 ua ||||fr|||| 000 0 ara d
017 _a1985/3154
020 _a977-103-185-6
040 _a EG-GICUC
_bara
_c EG-GICUC
_d EG-GICUC
_erda
041 _aara
082 0 4 _221
_a345.451
_bأ ح . م
092 0 4 _221
099 _aLaw1 345.451 أ ح . م 1985
100 0 _aأحمد محمود جمعة
_eمؤلف.
245 1 0 _aمنازعات القضاء التأديبي /
_cدكتور احمد محمود جمعة.
264 1 _aالإسكندرية :
_bمنشأة المعارف,
_c1985.
300 _a142 صفحة :
_bجداول ؛
_c24 سم
336 _2rda content
_atext
337 _2rda media
_aComputer
338 _2rda carrier
_aOnline Resource
546 _aالنص باللغة العربية
650 1 4 _aالسلطات التأديبية
_2qrmak
650 1 4 _aمسائل تخص القضاء الإداري
651 1 _2qrmak
856 4 0 _uhttps://fll.law.cu.edu.eg/fulltext/bks/B07-01590.pdf
905 _a79
942 _2ddc
_cBK
_e21
_n0
999 _c52546
_d52546